header

Vinyl (Record no. 53956)

MARC details
000 -LEADER
fixed length control field 01267nam a2200325Ia 4500
082 04 - DEWEY DECIMAL CLASSIFICATION NUMBER
Classification number 384
100 1# - MAIN ENTRY--AUTHOR NAME
Personal name Osborne, Richard,
245 10 - TITLE STATEMENT
Title Vinyl
260 ## - PUBLICATION, DISTRIBUTION, ETC. (IMPRINT)
Place of publication Burlington, VT :
Name of publisher Ashgate,
Year of publication c2012.
300 ## - PHYSICAL DESCRIPTION
Number of Pages [ix], 213 p.
490 0# - SERIES STATEMENT
Series statement Ashgate popular and folk music series
650 #0 - SUBJECT ADDED ENTRY--TOPICAL TERM
Topical Term Sound recordings
Topical Term Sound recording industry
856 40 - ELECTRONIC LOCATION AND ACCESS
Uniform Resource Identifier http://site.ebrary.com/lib/rucke/Doc?id=10620919

No items available.

© 2026 Rongo University
Contact us: librarian | system librarian | Rongo university